| 000 -LEADER |
| fixed length control field |
00351nam a2200109Ia 4500 |
| 008 - FIXED-LENGTH DATA ELEMENTS--GENERAL INFORMATION |
| fixed length control field |
200302s9999 xx 000 0 und d |
| 100 ## - MAIN ENTRY--PERSONAL NAME |
| Personal name |
R. Kiran Kumar & Others |
| 245 ## - TITLE STATEMENT |
| Title |
Perspectives on Early Modernist Constructs in Architecture an Enquiry Through Concepts of Order |
| 260 ## - PUBLICATION, DISTRIBUTION, ETC. |
| Name of publisher, distributor, etc. |
Cept University Press Ahmedabad |
| 260 ## - PUBLICATION, DISTRIBUTION, ETC. |
| Date of publication, distribution, etc. |
2012 |
| 300 ## - PHYSICAL DESCRIPTION |
| Extent |
218 P., |